LEADER 01739nam 2200541 a 450 001 996199375903316 005 20230213211704.0 010 $a1-280-58938-8 010 $a9786613619211 010 $a0-470-71974-5 010 $a0-470-71739-4 035 $a(CKB)1000000000687987 035 $a(SSID)ssj0000715106 035 $a(PQKBManifestationID)11377547 035 $a(PQKBTitleCode)TC0000715106 035 $a(PQKBWorkID)10700375 035 $a(PQKB)11751252 035 $a(MiAaPQ)EBC703816 035 $a(EXLCZ)991000000000687987 100 $a20710129d1970 uy 0 101 0 $aeng 135 $aurcn||||||||| 181 $ctxt 182 $cc 183 $acr 200 10$aAlzheimer's disease and related conditions$b[electronic resource] $ea Ciba Foundation symposium /$fedited by G.E.W. Wolstenholme and Maeve O'Connor 210 $aLondon $cJ. & A. Churchill$d1970 215 $axi, 316 p. $cill., ports 225 1 $aA Ciba Foundation symposium 300 $aBibliographic Level Mode of Issuance: Monograph 311 $a0-470-66279-4 311 $a0-7000-1484-5 320 $aIncludes bibliographical references and indexes. 410 0$aCiba Foundation symposium. 606 $aAlzheimer's disease$vCongresses 615 0$aAlzheimer's disease 676 $a616.8/3 701 $aWolstenholme$b G. E. W$g(Gordon Ethelbert Ward)$063039 701 $aO'Connor$b Maeve$0284912 712 02$aCiba Foundation. 712 12$aSymposium on Alzheimer's Disease and Related Conditions 801 0$bMiAaPQ 801 1$bMiAaPQ 801 2$bMiAaPQ 906 $aBOOK 912 $a996199375903316 996 $aAlzheimer's disease and related conditions$91935379 997 $aUNISA LEADER 01313nam a22002771i 4500 001 991002336139707536 005 20040404153612.0 008 040407s1950 it a||||||||||||||||ita 035 $ab12907194-39ule_inst 035 $aARCHE-088681$9ExL 040 $aDip.to Scienze Storiche$bita$cA.t.i. Arché s.c.r.l. Pandora Sicilia s.r.l. 082 04$a914.51 100 1 $aCapello, Carlo Felice$0129596 245 13$aIl fenomeno carsico in Piemonte /$cCarlo Felice Capello 260 $aBologna :$bMareggiani,$c1950- 300 $av. :$bill. ;$c26 cm 440 0$aPubblicazioni presso il Centro di Studi per la geografia fisica in Bologna.$pRicerche sulla morfologia e idrografia carsica ;$v10 650 4$aFenomeni carsici$zPiemonte 907 $a.b12907194$b02-04-14$c16-04-04 912 $a991002336139707536 945 $aLE009 GEOG.14.411-30$cV. 3$g1$i2009000163423$lle009$o-$pE0.00$q-$rl$s- $t0$u0$v0$w0$x0$y.i13474777$z16-04-04 945 $aLE009 GEOG.14.411-31$cV. 4$g1$i2009000163454$lle009$o-$pE0.00$q-$rl$s- $t0$u0$v0$w0$x0$y.i13474789$z16-04-04 945 $aLE009 GEOG.14.411-32$cV. 6$g1$i2009000163386$lle009$o-$pE0.00$q-$rl$s- $t0$u0$v0$w0$x0$y.i13474790$z16-04-04 996 $aFenomeno carsico in Piemonte$9305800 997 $aUNISALENTO 998 $ale009$b16-04-04$cm$da $e-$fita$git $h3$i3